Statistiken für Stadt zu Land #10

Klicken Sie hier um das Quiz zu spielen!

Allgemein

  • Dieses Quiz wurde 175 mal gespielt
  • Das Durchschnittsergebnis liegt bei 10 aus 15

Antwortstatistiken

VilleLand% Korrekt
MelbourneAustralien
99%
DelhiIndien
98%
DetroitVereinigte Staaten
98%
EindhovenNiederlande
92%
ManilaPhilippinen
78%
EsbjergDänemark
76%
DakarSenegal
69%
DerryVereinigtes Königreich
69%
ImolaItalien
67%
DjerbaTunesien
60%
DniproUkraine
60%
Da NangVietnam
57%
KuopioFinnland
52%
DunedinNeuseeland
24%
OmdurmanSudan
8%

Verteilung der Resultate

Perzentil nach korrekt beantworteten Fragen

Anzahl Personen mit jedem Resultat

Ihre Resultats-Entwicklung

Sie haben dieses Quiz noch nicht gespielt